000 00256nam a22001217a 4500
003 OSt
008 231116b |||||||| |||| 00| 0 eng d
041 _aeng
082 _aKrishideepika
100 _aSayeed P.M
_91706
245 _aKrishideepika
942 _cBK
999 _c18019
_d18019